| 000 | 00536 a2200157 4500 | ||
|---|---|---|---|
| 005 | 20190909064603.0 | ||
| 008 | 190612b1955 ck ||||| |||| 00| 0 spa d | ||
| 040 |
_aCO-BoUCM _bspa _cJuan Jose Mateus _dJuan Jose Mateus |
||
| 041 | 0 | _aspa | |
| 100 | 1 | 0 |
_aOspina Vásquez, Luis _997214 |
| 245 | 1 | 0 |
_aIndustria y protección en Colombia 1810-1930 _cLuis Ospina Vásquez |
| 260 |
_aMedellín _bE.S.F _c1955 |
||
| 650 | 7 |
_926481 _aEconomía del trabajo |
|
| 942 |
_cLIBRO _2DEWEY _a7 _e1 _h330.9 _mO81in |
||
| 999 |
_c313273 _d313273 |
||